Представление документа в формате MARC21

Поле Инд. ПП Название Значение
Тип записи a
Библиографический уровень m
001 Контрольный номер RU/IS/BASE/263562648
005 Дата корректировки 20250331161507.1
008 Кодируемые данные 19950627
040 00 e Правила каталог. Л 950627
084 a Индекс другой классификации/Индекс ББК 84(7США)52; 84(7США)52-44
090 00 a Полочн. индекс 84(7США)52
x Авторский знак Л 763
097 00 a 300
100 10 a Автор Лондон Дж.
q Полное имя Лондон Джек
245 00 a Заглавие Собрание сочинений
b Продолж. заглавия в 14 т.
c Ответственность под общей редакцией Р. М. Самарина
n Номер части/ раздела Т.12
260 00 a Место издания Москва
b Издательство Правда
c Дата издания 1961
300 00 a Объем 543 с.
336 a Термин вида содержания Текст
337 a Термин типа средства непосредственный
440 00 a Серия Библиотека "Огонек"
504 00 a Библиография Примеч.: с. 531
505 a Форматированное содержание Маленькая хозяйка Большого дома
505 0_ a Форматированное содержание Клянусь черепахами Тасмана
505 0_ a Форматированное содержание Неизменность форм
505 0_ a Форматированное содержание История, рассказанная в палате для слабоумных
505 0_ a Форматированное содержание Бродяга и фея
505 0_ a Форматированное содержание Блудный отец
505 0_ a Форматированное содержание Первобытный поэт
505 0_ a Форматированное содержание Finis
505 0_ a Форматированное содержание Конец сказки
505 0_ a Форматированное содержание "Голландская доблесть"
505 0_ a Форматированное содержание Тайфун у берегов Японии
505 0_ a Форматированное содержание Исчезнувший браконьер
505 0_ a Форматированное содержание На берегах Сакраменто
505 0_ a Форматированное содержание Крис Фаррингтон - настоящий моряк
505 0_ a Форматированное содержание Абордаж отбит
505 0_ a Форматированное содержание Приключение в воздушном океане
505 0_ a Форматированное содержание Плешивый
505 0_ a Форматированное содержание В бухте Йеддо
505 0_ a Форматированное содержание Их дело - жить
650 a Основная рубрика художественная литература
653 00 a Ключевые слова XIX век
a Ключевые слова XX век
a Ключевые слова американская литература
a Ключевые слова США
655 00 a Жанр/ форма (устаревшее) проза
a Жанр/ форма (устаревшее) рассказ
a Жанр/ форма (устаревшее) роман
700 10 a Автор Самарин Р. М.
e Роль лиц редактор
901 t Тип документа m
952 a Тип литературы для КСУ ВШ ЛХИ